Spell the Marvel Character #75 - Statistics

General Stats
  • This quiz has been taken 31 times
  • The average score is 7 of 9
Answer Stats
Picture Answer % Correct
Iron Fist
100%
Cyclops
96%
Namor the Sub-Mariner
96%
Yellowjacket
83%
Nick Fury
78%
Rage
61%
U-Go Girl
61%
Karnak
57%
Fantomex
48%
No matching quizzes found
Score Distribution
Percent of People with Each Score
Percentile by Number Answered
Your Score History
You have not taken this quiz